| 000 | 00753nmm a2200265 a 4500 | ||
|---|---|---|---|
| 003 | AR-BaBNM | ||
| 005 | 20251128203239.0 | ||
| 008 | 086019s1983 ||||||||||||||000 | spa|| | ||
| 020 | _a950-04-0255-6 | ||
| 040 | _cAR-BaBNM | ||
| 100 | 1 | _aBreinholst, Willy | |
| 245 | 1 | 0 |
_a¡Hola, aquí estoy! _bla divertida historia de mi vida antes de nacer |
| 250 | _a1ª ed. | ||
| 260 |
_aBuenos Aires _bEmecé _c1983 |
||
| 300 | 0 |
_a117 p. _bil. |
|
| 500 | 0 | _aRelata la divertida historia de la vida durante los nueve meses que preceden al nacimiento | |
| 650 | 4 | _aEDUCACION SEXUAL | |
| 650 | 4 | _aFECUNDIDAD | |
| 650 | 4 | _aEMBARAZO | |
| 650 | 4 | _aPARTO | |
| 650 | 4 | _aNACIMIENTO | |
| 700 | 1 |
_aCarrillo, Manuel _etraductor |
|
| 942 | _cBK | ||
| 998 | _cCarmen | ||
| 999 |
_c2559 _d2559 |
||